000 00454nam a2200169Ia 4500
008 240729s9999 xx 000 0 und d
022 _a2813-706X
245 0 _aFrontiers in Epigenetics and Epigenomics
260 _aSwitzerland
260 _bFrontiers Media S.A.
650 _a Biology (General)
650 _a Genetics
650 _aScience
856 _uhttps://doaj.org/toc/d9553764855e42e6b7533d0914536f83
942 _2ddc
942 _cDOAJEJ
999 _c74763
_d74763
945 _a1
_bMadushi Gamage
_c1
_dMadushi Gamage